000 00739nam a2200253Ia 4500
003 OSt
005 20220928114200.0
006 a|||||r|||| 00| 0
007 ta
008 220927b |||||||| |||| 00| 0 eng d
024 _a55447
037 _cTextual
040 _aSDCL
_cSDCL
_beng
041 _2eng
_aeng
082 _aY11:45.3'N7, M4
100 _aWinnicott D W
_9437358
245 0 _aDeprivation and delinquencey
260 _aLondon
_bTavistock Publication
_c1984
300 _aviii,294p
_ccm.
700 _a Shepherd Ray Ed.
_9437359
700 _a Winnicott Clare Ed.
_9437360
942 _hY11:45.3'N7, M4
_cTEXL
_2CC
999 _c753299
_d753299